Pays par emojis - Cliquez - Statistiques

Statistiques générales
  • Ce quiz a été pris 2 482 fois
  • Le résultat moyen est 18 sur 20
Statistiques - réponses
Hint Réponse % Correct
🍁🐻🏒 Canada
95%
🍔🏀🗽 États-Unis
95%
🌵🌶️🌮 Mexique
95%
🥖🐓🍷 France
94%
🍕🍝☕️ Italie
94%
💂👑🏉 Royaume-Uni
94%
🦘🐨🏄‍♂️ Australie
92%
🍣🏯🗾 Japon
91%
💃☀️🐂 Espagne
90%
🐪🛢️💰 Arabie Saoudite
89%
🐼🍚🐉 Chine
89%
🏛️🏺🎭 Grèce
89%
☘️🍺🏉 Irlande
89%
🥨🍻🚗 Allemagne
87%
🧀🍫🏔️ Suisse
87%
🥝🐑🏉 Nouvelle Zélande
83%
🦁🏔️🛖 Tanzanie
79%
🐯🏏🧘 Inde
78%
⛱️⚽️🐆 Brésil
77%
🍟🍫🇪🇺 Belgique
75%
Aucun quiz correspondant
Distribution des résultats
% des personnes avec chaque résultat
Percentile par nombre de réponses
Votre historique - résultats
Vous n’avez pas pris ce quiz